| 000 | 00596nam a2200241 a 4500 | ||
|---|---|---|---|
| 001 | nice12345678 | ||
| 003 | IN_TiNIC | ||
| 005 | 20260116014552.0 | ||
| 008 | 050524s2002 newa grp 000 0 eng | ||
| 020 |
_a8173049 _c795 |
||
| 082 | 0 | 0 |
_a305.80954 _bNAG |
| 100 | _aNag, Sajal | ||
| 245 | _aContesting Marginality | ||
| 260 |
_aNew Delhi _bManohar Pub. _c2002 |
||
| 300 | _a382p | ||
| 500 | _aincludes index and biblioraphy | ||
| 505 | 2 | _aBibliography, Index | |
| 650 | _aEthnic Conflict-India | ||
| 700 | 1 | _aNag, Sajal | |
| 902 | _bSRS | ||
| 942 | _cBK | ||
| 999 |
_c16009 _d16009 |
||